Statystyki dla Państwa Afryki Zachodniej - Quiz na mapie

Kliknij tutaj aby rozwiązać quiz!

Ogólne statystyki

  • Ten quiz został rozwiązany 14 026 razy
  • Średni wynik to 11 z 16

Odpowiedzi na mapie

Odpowiedzi skodowane kolorowo w zielono-czerwonej skali na mapie do tego quizu, zgodnie z poniższymi procentami.
 

Statystyki odpowiedzi

Odpowiedź% Poprawnych
Mali
84%
Nigeria
84%
Niger
82%
Republika Zielonego Przylądka
80%
Mauretania
79%
Senegal
74%
Wybrzeże Kości Słoniowej
74%
Togo
73%
Burkina Faso
68%
Gambia
66%
Liberia
63%
Ghana
62%
Sierra Leone
62%
Gwinea Bissau
60%
Gwinea
58%
Benin
57%

Rozkład punktacji

Percentyl według liczby udzielonych odpowiedzi

Procent ludzi z każdym wynikiem

Twoja historia wyników

Nie rozwiązałeś tego quizu